|
|
|
|
| LEADER |
01311nam a2200385 4500 |
| 001 |
000007082 |
| 003 |
3243 |
| 005 |
20111013151027.0 |
| 008 |
110926s2010 viesd |
| 020 |
|
|
|c 000đ
|
| 041 |
0 |
|
|a vie
|
| 082 |
|
|
|a 398.2095972
|b NG-L
|
| 100 |
0 |
|
|a Ngô Đăng Lợi
|
| 110 |
|
|
|a Hội văn nghệ dân gian Việt Nam
|
| 245 |
|
0 |
|a Hải Phòng - Thành Hoàng và lễ phẩm
|c Hội văn nghệ dân gian Việt Nam ; Ngô Đăng lợi
|
| 260 |
|
|
|a H.
|b Dân trí
|c 2010
|
| 300 |
|
|
|a 291 tr
|c 21cm
|
| 500 |
|
|
|a Tóm tắt nội dung tiếng anh tr: 286
|
| 504 |
|
|
|a Thư mục tr: 288
|
| 653 |
|
|
|a Miền đất con người
|
| 653 |
|
|
|a Hải Phòng
|
| 653 |
|
|
|a Việt Nam
|
| 653 |
|
|
|a Lược khảo Thành Hoàng
|
| 700 |
|
|
|a Ngô Đăng Lợi
|
| 910 |
|
|
|a Nguyễn Thị Kim Oanh
|d 26/09/2011
|
| OWN |
|
|
|a LSP
|
| AVA |
|
|
|a UDN50
|b LSP
|d 398.2095972 NG-L
|e available
|t Error 5001 Not defined in file expand_doc_bib_avail.
|f 1
|g 0
|h N
|i 0
|k 1
|
| 999 |
|
|
|a From the UDN01
|
| AVA |
|
|
|a UDN50
|b LSP
|d 398.2095972 NG-L
|e available
|t Error 5001 Not defined in file expand_doc_bib_avail.
|f 1
|g 0
|h N
|i 0
|k 1
|
| TYP |
|
|
|a Monograph
|
| TYP |
|
|
|a Printed language
|
| 980 |
|
|
|a Mạng thư viện Đại học Đà Nẵng
|